<?xml version="1.0" encoding="UTF-8"?><collection xmlns="info:lc/xmlns/marcxchange-v2"><record format="Unimarc" type="bibliographic"><leader>00647cam  2200217   450 </leader><controlfield tag="001">1892122</controlfield><controlfield tag="003">http://id.bnportugal.gov.pt/bib/porbase/1892122</controlfield><controlfield tag="005">20030602204900.0</controlfield><datafield ind1=" " ind2=" " tag="010"><subfield code="a">0-316-83112-3</subfield></datafield><datafield ind1=" " ind2=" " tag="035"><subfield code="7">01600</subfield></datafield><datafield ind1=" " ind2=" " tag="095"><subfield code="a">PTBN00915279</subfield></datafield><datafield ind1=" " ind2=" " tag="100"><subfield code="a">19961014d1993    k  y0pory0103    ba</subfield></datafield><datafield ind1="0" ind2=" " tag="101"><subfield code="a">eng</subfield></datafield><datafield ind1=" " ind2=" " tag="102"><subfield code="a">US</subfield></datafield><datafield ind1="1" ind2=" " tag="200"><subfield code="a">&lt;A &gt;different mirror</subfield><subfield code="e">&lt;a &gt;history of multicultural America</subfield><subfield code="f">Ronald Takaki</subfield></datafield><datafield ind1=" " ind2=" " tag="210"><subfield code="a">Boston</subfield><subfield code="c">Little,Brown and Company</subfield><subfield code="d">1993</subfield></datafield><datafield ind1=" " ind2=" " tag="215"><subfield code="a">IX,508p.,[16]p.est.</subfield></datafield><datafield ind1=" " ind2=" " tag="675"><subfield code="a">008(73)"16/19"</subfield><subfield code="v">BN</subfield><subfield code="z">por</subfield><subfield code="3">1371868</subfield></datafield><datafield ind1=" " ind2=" " tag="675"><subfield code="a">973"16/19"</subfield><subfield code="v">BN</subfield><subfield code="z">por</subfield><subfield code="3">1493406</subfield></datafield><datafield ind1=" " ind2="1" tag="700"><subfield code="a">Takaki</subfield><subfield code="b">Ronald</subfield><subfield code="3">1493407</subfield></datafield><datafield ind1=" " ind2="0" tag="801"><subfield code="a">PT</subfield><subfield code="b">BN</subfield><subfield code="g">RPC</subfield></datafield><datafield ind1=" " ind2=" " tag="977"><subfield code="1">NA 973 TAK</subfield><subfield code="2">coop</subfield><subfield code="4">UCLE</subfield><subfield code="6">mq1114941</subfield><subfield code="7">bc</subfield><subfield code="8">coop</subfield><subfield code="9">UCLE</subfield><subfield code="b">08582</subfield><subfield code="k">0</subfield></datafield><datafield ind1=" " ind2=" " tag="998"><subfield code="a">CLE56-562</subfield></datafield></record></collection>